Comparación de cerramientos no estructurales en edificios iguales o menores a cuatro pisos
Gespeichert in:
| 1. Verfasser: | |
|---|---|
| Format: | Buch |
| Veröffentlicht: |
[San José, Costa Rica]
2009
|
| Schlagworte: | |
| Tags: |
Tag hinzufügen
Keine Tags, Fügen Sie den ersten Tag hinzu!
|
MARC
| LEADER | 00000nam a2200000Ia 4500 | ||
|---|---|---|---|
| 003 | 001280 | ||
| 005 | 20221231144052.0 | ||
| 008 | 140114s2009 c a 000 ||s d | ||
| 040 | |c cru CEDI | ||
| 090 | |a TFG 5803 | ||
| 100 | |a Volio Guerrero, Natalia |9 3974 | ||
| 245 | |a Comparación de cerramientos no estructurales en edificios iguales o menores a cuatro pisos | ||
| 260 | |c 2009 |b [San José, Costa Rica] | ||
| 300 | |a xvii, 154 h; ilustraciones a color | ||
| 500 | |a Proyecto de graduación (licenciatura en ingeniería civil)--Universidad de Costa Rica. Facultad de Ingeniería. Escuela de Ingeniería Civil | ||
| 650 | |x EDIFICIOS |x CONSTRUCCION |x MUROS DE CERRAMIENTO |9 3975 | ||
| 942 | |c TFG | ||
| 999 | |c 16432 |d 16432 | ||
